LEADER 01583nam a2200361 u 4500 001 000000079917 003 CaOOAMICUS 005 20070226123606.0 008 040617s2000 gw u000 u ger u 020 $a352553521X 035 $a10999881 040 $aPUL$bita 245 00$aPaulinische Christologie :$bexegetische Beitrage : Hans Hübner zum 70. Geburstag /$chrsg. von Udo Schnelle und Thomas Söding ; in Verbindung mit Michael Labahn. 260 $aGöttingen :$bVandenhoeck & Ruprecht,$cc2000. 300 $a271 p. ;$c21 cm 500 $aContiene indici. 504 $aBibliografia in nota. 600 04$aIesus Christus.$0(OLS)http://pul/subject/207 600 04$aPaulus,$cs., apostolo.$0(OLS)http://pul/subject/417 600 14$aHübner, Hans.$0(OLS)http://pul/subject/27728 700 1 $aHübner, Hans.$0(OLS)http://pul/name/23845 700 1 $aLabahn, Michael.$0(OLS)http://pul/name/49192 700 1 $aSöding, Thomas.$0(OLS)http://pul/name/34850 700 1 $aSchnelle, Udo.$0(OLS)http://pul/name/25868 850 $aPUL 852 $aPUL$W1$xSL Religione 3$y85$m232 SCHUD 1$j102159$nBK-PRI$qDDC 21$B102159$CPULBib$Z2$F102159 $H88007 $82 941 1 $a9 960 $aCristologia$9207 960 $aCristologia$9207 960 $aGesù Cristo$9207 996 $6020$a352553521X$9(OLS)http://pul/number/105361 996 $6245$aPaulinische Christologie :$bexegetische Beitrage : Hans Hübner zum 70. Geburstag$9(OLS)http://pul/title/104685 996 $6260$aGöttingen :$bVandenhoeck & Ruprecht$9(OLS)http://pul/publisher/47973 LEADER 01409nam a2200313 u 4500 001 000000041008 003 CaOOAMICUS 005 20070226114151.0 008 980910s1994 it u000 u ita u 020 $a8821527336 035 $a10802864 040 $aMSA$bita$dPUL(R) 041 1 $aita$hfre 100 1 $aLéonard, André.$0(OLS)http://pul/name/10686 240 10$aFondement de la morale : essai d'étique philosophique.$lItaliano.$0(OLS)http://pul/title/55316 245 13$aIl fondamento della morale :$bsaggio di etica filosofica /$cAndré Léonard. 260 $aCinisello Balsamo :$bSan Paolo,$c1994. 300 $a327 p. ;$c21 cm 490 1 $aUniverso filosofia ;$v7 500 $aBibliografia in nota. 650 4$aEtica.$0(OLS)http://pul/subject/547 830 0$aUniverso filosofia ;$v7.$0(OLS)http://pul/title/55318 850 $aPUL 852 $aPUL$W1$xDP1 Fondo Giannini$y60$m1562 F 27$j55619$nBK-PRI$b $qFondi$B55619$CPULBib$Z2$F55619 $H $81 852 $aPUL$W1$xSL Religione 1$y3$m38 B 25$j121933$ac. 2$qStampati$B120921$CPULBib$Z2$F120921 $H71343 $82 941 1 $a1 996 $6020$a8821527336$9(OLS)http://pul/number/50979 996 $6245$aIl fondamento della morale :$bsaggio di etica filosofica$9(OLS)http://pul/title/55317 996 $6260$aCinisello Balsamo :$bSan Paolo$9(OLS)http://pul/publisher/54577